FNF Mario's Madness v2 Songs - Statistics

General Stats
  • This quiz has been taken 79 times
  • The average score is 23 of 28
Answer Stats
Character World Song % Correct
Ultra M, Omega, LG, W4R, Y0SH Main Story All Stars
96%
Super Horror Mario Main Story It's-a-Me
89%
Chris Pratt Irregularity Isle So Cool
89%
I HATE YOU Luigi Woodland of Lies I Hate You
87%
MX Hellish Heights Powerdown
87%
Super Horror Mario, John Dick, Super Horror Peach, Yoshi.EXE Main Story Starman Slaughter
87%
Beta Luigi, Beta Mario Woodland of Lies Alone
84%
Wario Apparition Woodland of Lies Apparition
84%
I HATE YOU Luigi Woodland of Lies Oh God No
84%
Mr. SyS, YCBU Duck Hunt Dog, YCBU Bowser Hellish Heights Unbeatable
84%
Classified Luigi Classified Castle Abandoned
82%
Super Bad Mario Content Cosmos Bad Day
82%
GB Hellish Heights Golden Land
82%
Costume Classified Castle The End
82%
MX Hellish Heights Demise
80%
DJ Hallyboo Hellish Heights No Party
80%
Mr. Virtual Hellish Heights Paranoia
80%
Racist Mario Content Cosmos Racetraitors
80%
Coronation Day Peach Woodland of Lies Dark Forest
78%
LDO Mario Content Cosmos Day Out
78%
Secret History Mario Content Cosmos Dictator
78%
Mr. L Hellish Heights Overdue
78%
Devil Mario Content Cosmos No Hope
76%
Grand Dad Irregularity Isles Nourishing Blood
76%
Turmoil Woodland of Lies Last Course
73%
Promotion Mario, Stanley Classified Castle Promotion
73%
Somari Irregularity Isle Mario Sing And Game Rhythm 9
71%
L is Real Woodland of Lies Thalassophobia
71%
No matching quizzes found
Score Distribution
Percent of People with Each Score
Percentile by Number Answered
Your Score History
You have not taken this quiz